000 00527nam a22001937a 4500
005 20201125134844.0
008 201125b ||||| |||| 00| 0 eng d
040 _aIN-DiNC
_cIN-DiNC
041 _dasm
082 _a954
_bHUS
100 _aHussain, Tasadduque Amanul
_eauthor
245 _aBharatbarshar itihas (1526-1947)/
_cby Tasadduque Amanul Hussain
250 _a1st ed.
260 _aDibrugarh:
_bBanalata,
_c2020
300 _a511p.
650 _aHistory
650 _aHistory of India 1526-1947
942 _2ddc
_cBK
999 _c11083
_d11083